000 00418pab a2200157 454500
008 180718b2013 xxu||||| |||| 00| 0 eng d
100 _aSrinivasan, Sandhya
245 _aRegulation and the medical profession: Clinical Establishment Act, 2010
260 _c2013
300 _ap.14-16.
362 _a19 Jan
650 _aHealth services
773 _aEconomic and Political Weekly
908 _aN
909 _a98683
999 _c98682
_d98682